00949 a2200253 4500010001400000020002300014035001300037037001800050082001200068090001500080100002300095245009700118260003900215270010400254300003000358500005000388650001900438650002200457700002100479700001700500942002700517999001500544952013600559 aENG-85742 a8170353505c695.00 aEN-69275 bD.B.Act / Pub14a664.752 c3467d34671 aKhetarpaul, Neelam1 aBakery science and cereal technologycby Neelam Khetarpaul, Raj Bala Grewal, and Sudesh Jood aDelhibDaya Publishing Housec2006 a1123/74, Deva Ram Park, Tri Nagar, Delhi-110035bDelhicDelhie110035k27103999mdayabooks@vsnl.com aviii, 311 p.c21 cm. (Hb) aIncludes bibliographical references and index aBakery science aCereal technology aGrewal, Raj Bala aJood, Sudesh adplcENk664.752 / KHE c3400d3400 00102ddc40718NFICaDBADbDBADeDBAD/PUBg695.00l0o664.752 KHEpEN-69275r2008-09-15 00:00:00t1u3622v695.00w2008-09-15yEN